Tous les pokémons 1G par image en français et en anglais - Statistiques

Statistiques générales
  • Ce quiz a été pris 21 fois
  • Le résultat moyen est 158 sur 302
Statistiques - réponses
Par images Réponse % Correct
Bulbizarre
100%
Pikachu
100%
Pikachu
100%
Salamèche
100%
Abo
95%
Chenipan
95%
Florizarre
95%
Grodoudou
95%
Herbizarre
95%
Nidoran (female)
95%
Nidoran (femelle)
95%
Nidoran (mâle)
95%
Nidoran (male)
95%
Raichu
95%
Raichu
95%
Rattata
95%
Rattata
95%
Reptincel
95%
Rondoudou
95%
Tortank
95%
Carabaffe
90%
Carapuce
90%
Dracaufeu
90%
Goupix
90%
Mélodelfe
90%
Mélofée
90%
Nidoking
90%
Nidoking
90%
Nidoqueen
90%
Nidoqueen
90%
Nidorina
90%
Nidorina
90%
Rattatac
90%
Roucarnage
90%
Roucool
90%
Sabelette
90%
Sablaireau
90%
Alakazam
86%
Alakazam
86%
Arcanin
86%
Draco
86%
Feunard
86%
Grolem
86%
Grotadmorv
86%
Machop
86%
Nidorino
86%
Nidorino
86%
Nosferalto
86%
Nosferapti
86%
Onix
86%
Onix
86%
Papilusion
86%
Piafabec
86%
Ponyta
86%
Ponyta
86%
Racaillou
86%
Roucoups
86%
Tadmorv
86%
Arbok
81%
Arbok
81%
Aspicot
81%
Caninos
81%
Chrysacier
81%
Dardargnan
81%
Férosinge
81%
Galopa
81%
Gravalanch
81%
Léviator
81%
Machopeur
81%
Magnéti
81%
Mew
81%
Mew
81%
Mewtwo
81%
Mewtwo
81%
Miaouss
81%
Smogo
81%
Smogogo
81%
Taupiqueur
81%
Tentacruel
81%
Tentacruel
81%
Abra
76%
Abra
76%
Aquali
76%
Coconfort
76%
Colossinge
76%
Doduo
76%
Doduo
76%
Dracolosse
76%
Ectoplasma
76%
Évoli
76%
Fantominus
76%
Insécateur
76%
Krabboss
76%
Lippoutou
76%
Machoc
76%
Mackogneur
76%
Magikarp
76%
Magnéton
76%
Magneton
76%
Minidraco
76%
Mystherbe
76%
Noadkoko
76%
Pyroli
76%
Ramoloss
76%
Rapasdepic
76%
Rhinocorne
76%
Ronflex
76%
Spectrum
76%
Stari
76%
Staross
76%
Tauros
76%
Tauros
76%
Tentacool
76%
Tentacool
76%
Tygnon
76%
Akwakwak
71%
Artikodin
71%
Canarticho
71%
Dodrio
71%
Dodrio
71%
Élektek
71%
Excelangue
71%
Hypno
71%
Kadabra
71%
Kadabra
71%
Krabby
71%
Krabby
71%
Leveinard
71%
Magmar
71%
Magmar
71%
Métamorph
71%
Nœunœuf
71%
Ortide
71%
Ossatueur
71%
Paras
71%
Paras
71%
Parasect
71%
Parasect
71%
Persian
71%
Persian
71%
Porygon
71%
Porygon
71%
Ptéra
71%
Ptitard
71%
Rafflesia
71%
Soporifik
71%
Sulfura
71%
Voltali
71%
Voltorb
71%
Boustiflor
67%
Chétiflor
67%
Crustabri
67%
Hypnomade
67%
Kicklee
67%
Lamantine
67%
Otaria
67%
Poissirène
67%
Psykokwak
67%
Saquedeneu
67%
Scarabrute
67%
Têtarte
67%
Triopikeur
67%
Voltorbe
67%
Électhor
62%
Électrode
62%
electrode
62%
Empiflor
62%
Flagadoss
62%
Hypotrempe
62%
Kangourex
62%
Lokhlass
62%
Magicarpe
62%
Mimitoss
62%
Osselait
62%
Poissoroy
62%
Rhinoféros
62%
Tartard
62%
Kabuto
57%
Kabuto
57%
Kabutops
57%
Kabutops
57%
Aéromite
52%
Amonistar
52%
Amonita
52%
Hypocéan
52%
Kokiyas
52%
M. Mime
48%
Mr. Mime
48%
Charizard
38%
Eevee
38%
Charmander
24%
Articuno
19%
Ditto
19%
Gengar
19%
Jolteon
19%
Rapidash
19%
Squirtle
19%
Venusaur
19%
Beedrill
14%
Blastoise
14%
Bulbasaur
14%
Caterpie
14%
Clefable
14%
Clefairy
14%
Dragonite
14%
Flareon
14%
Geodude
14%
Hitmonchan
14%
Ivysaur
14%
Magnemite
14%
Muk
14%
Snorlax
14%
Vulpix
14%
Aerodactyl
10%
Arcanine
10%
Bellsprout
10%
Butterfree
10%
Chansey
10%
Charmeleon
10%
Cloyster
10%
Cubone
10%
Dewgong
10%
Diglett
10%
Dragonair
10%
Dratini
10%
Drowzee
10%
Dugtrio
10%
Ekans
10%
Electabuzz
10%
Exeggcute
10%
Exeggutor
10%
Farfetch'd
10%
Fearow
10%
Gastly
10%
Gloom
10%
Golbat
10%
Goldeen
10%
Golduck
10%
Golem
10%
Graveler
10%
Grimer
10%
Growlithe
10%
Gyarados
10%
Haunter
10%
Hitmonlee
10%
Horsea
10%
Jigglypuff
10%
Jynx
10%
Kakuna
10%
Kangaskhan
10%
Kingler
10%
Koffing
10%
Lapras
10%
Lickitung
10%
Machamp
10%
Machoke
10%
Mankey
10%
Marowak
10%
Meowth
10%
Metapod
10%
Moltres
10%
Ninetales
10%
Oddish
10%
Omanyte
10%
Omastar
10%
Pidgeot
10%
Pidgeotto
10%
Pidgey
10%
Pinsir
10%
Poliwag
10%
Poliwhirl
10%
Poliwrath
10%
Primeape
10%
Psyduck
10%
Raticate
10%
Rhydon
10%
Rhyhorn
10%
Sandshrew
10%
Sandslash
10%
Scyther
10%
Seadra
10%
Seaking
10%
Seel
10%
Shellder
10%
Slowbro
10%
Slowpoke
10%
Spearow
10%
Starmie
10%
Staryu
10%
Tangela
10%
Vaporeon
10%
Venomoth
10%
Venonat
10%
Victreebel
10%
Vileplume
10%
Wartortle
10%
Weedle
10%
Weepinbell
10%
Weezing
10%
Wigglytuff
10%
Zapdos
10%
Zubat
10%
Aucun quiz correspondant
Distribution des résultats
% des personnes avec chaque résultat
Percentile par nombre de réponses
Votre historique - résultats
Vous n’avez pas pris ce quiz